Statistics for Paris Saint-Germain Champions League XIs

Click here to take the quiz!

General Stats

  • This quiz has been taken 577 times
  • The average score is 29 of 82

Answer Stats

Answer% Correct
Kylian Mbappé
97%
Neymar
97%
Gianluigi Donnarumma
96%
Lionel Messi
93%
Keylor Navas
92%
Marco Verratti
92%
Edinson Cavani
91%
Marquinhos
90%
Thiago Silva
90%
Zlatan Ibrahimović
89%
Presnel Kimpembe
81%
Achraf Hakimi
76%
Ángel Di María
72%
Kevin Trapp
69%
Nuno Mendes
68%
Salvatore Sirigu
68%
Alphonse Areola
67%
David Luiz
63%
Ezequiel Lavezzi
63%
Gianluigi Buffon
61%
Juan Bernat
60%
Thiago Motta
60%
Mauro Icardi
59%
Javier Pastore
57%
Maxwell
57%
Blaise Matuidi
56%
Adrien Rabiot
52%
Julian Draxler
52%
Leandro Paredes
52%
Layvin Kurzawa
51%
Dani Alves
48%
Danilo Pereira
48%
Idrissa Gueye
45%
Lucas Moura
42%
Thilo Kehrer
41%
Alex
39%
Gregory van der Wiel
39%
Thomas Meunier
39%
Ander Herrera
35%
George Weah
31%
Pauleta
28%
Christophe Jallet
27%
Abdou Diallo
25%
Alessandro Florenzi
22%
Bernard Lama
22%
David Ginola
21%
Jérémy Ménez
19%
Nicolas Anelka
18%
Rai
17%
Bernard Mendy
15%
Paul Le Guen
8%
Vincent Guérin
8%
Alain Roche
7%
Daniel Bravo
7%
Édouard Cissé
7%
Lionel Letizi
7%
Sylvain Armand
7%
Mario Yepes
6%
Frédéric Déhu
5%
Jérôme Leroy
5%
Laurent Robert
5%
Marco Simone
5%
Bruno N'Gotty
4%
Charles Édouard Coridon
4%
José-Karl Pierre-Fanfan
4%
Modeste Mbami
4%
Sylvian Distin
4%
Valdo
4%
Christian
3%
Christophe Revault
3%
Didier Domi
3%
Éric Rabésandratana
3%
Florian Maurice
3%
Franck Gava
3%
Jimmy Algerino
3%
José Cobos
3%
Laurent Fournier
3%
Lorik Cana
3%
Patrick Colleter
3%
Peter Luccin
3%
Stéphane Pichot
3%
Oumar Dieng
2%

Score Distribution

Percentile by Number Answered

Percent of People with Each Score

Your Score History

You have not taken this quiz